00853cam a2200229 450000100060000000300080000600500170001400800390003103500190007004000270008904100080011608200240012410000280014824501390017626000600031530000360037550000290041150000640044050400510050465000360055565100320059125933BD-RjUL20211209050940.0140219r19711829ii b b 001 0 eng a(BD-RjUL)26003 aDLCcDLCdBD-RjULbeng aeng00a954.4bTOA V-2 19711 aTod, James,d1782-1835.10aAnnals and antiquities of Rajastʾhan or the Central and Western Rajpoot States of India /bWith a pref. by Douglas Sladen.nVolume II aNew Delhi :bK.M.N. Publishers,c1829 [Reprinted 1971]. axxxii, 537 p. :bill. ;c22 cm. aFirst published 1829-32. aDistributor's statement from mounted label on verso of t.p. aIncludes bibliographical references and index. 0aRajput (Indic people)xHistory. 0aRajasthan (India)xHistory.